Länder Südamerikas - alphabetisch - Statistiken

Allgemein
  • Dieses Quiz wurde 380 mal gespielt
  • Das Durchschnittsergebnis liegt bei 10 aus 12
Antwortstatistiken
Länder % Korrekt
Argentinien
99%
Bolivien
95%
Brasilien
93%
Chile
90%
Ecuador
87%
Guyana
81%
Kolumbien
81%
Paraguay
81%
Uruguay
79%
Peru
78%
Venezuela
75%
Suriname
74%
Keine übereinstimmenden Quizze gefunden
Verteilung der Resultate
Anzahl Personen mit jedem Resultat
Perzentil nach korrekt beantworteten Fragen
Ihre Resultats-Entwicklung
Sie haben dieses Quiz noch nicht gespielt